000 00638nam a22001457a 4500
020 _a978-0-141-34300-6
082 _a823
_bKIN/D
100 _aKINNEY, JEFF
245 _aDIARY OF A WIMPY KID
_bCABIN FEVER
260 _aUNITED KINGDOM
_bPUFFIN BOOKS
_c2013
300 _a216
520 _aIn his sixth cartoon-filled diary, middle schooler Greg Heffley prepares for the holidays and endures winter snowstorms. He writes about his family's Christmas traditions, such as the creepy stuffed elf that sits on the mantle and supposedly reports everyone's behavior to Santa.
650 _aYOUNG ADULT COMEDY FICTION
_zUNITED KINGDOM
942 _cBK
999 _c6179
_d6179